In Medias Res by Los Campesinos! Lyrics - Statistics

General Stats
  • This quiz has been taken 7 times
  • The average score is 192 of 233
Answer Stats
Answer % Correct
a
100%
A
100%
about
100%
And
100%
and
100%
back
100%
body
100%
bottle
100%
But
100%
but
100%
by
100%
car,
100%
contours
100%
drive",
100%
for
100%
From
100%
from
100%
gullet
100%
half
100%
I
100%
in
100%
it
100%
lay
100%
let's
100%
minute
100%
of
100%
rolling
100%
safe
100%
stolen
100%
talk
100%
that
100%
That
100%
the
100%
to
100%
vodka
100%
vomit
100%
was
100%
wasn't
100%
With
100%
with
100%
you
100%
You
100%
you?
100%
your
100%
yr
100%
45
75%
after
75%
all?
75%
around
75%
at
75%
be
75%
because
75%
black
75%
clung
75%
covers
75%
crucifix
75%
dent
75%
didn't
75%
dress
75%
Drop
75%
dying
75%
"far
75%
flew
75%
fucked
75%
full
75%
given
75%
go
75%
ground
75%
happy
75%
highest
75%
hours,
75%
hung
75%
If
75%
I'm
75%
imparted
75%
initial
75%
interest
75%
Is
75%
lay-by
75%
leave
75%
leaving
75%
left
75%
life
75%
limp
75%
line
75%
lover
75%
marry
75%
me
75%
medical
75%
mirror
75%
mother
75%
my
75%
not
75%
now
75%
On
75%
on
75%
once
75%
one
75%
optic
75%
option
75%
painlessly
75%
peace
75%
physics
75%
point
75%
protected
75%
rear
75%
science,
75%
seat
75%
seven
75%
side,
75%
sky
75%
so
75%
something
75%
start
75%
That'll
75%
this
75%
tight
75%
too
75%
trace
75%
view
75%
we'd
75%
were
75%
Were
75%
wing
75%
woolen
75%
words
75%
would
75%
Would
75%
you'll
75%
against
50%
airport
50%
blankets
50%
collarbone
50%
corpse
50%
dead
50%
Drag
50%
fibers
50%
grass
50%
head
50%
passed
50%
right
50%
shoulder,
50%
sleep,
50%
stuck
50%
through
50%
us
50%
wake
50%
window
50%
bench
25%
dog-haired
25%
formed
25%
frost
25%
had
25%
melted,
25%
soaked
25%
wet
25%
No matching quizzes found
Score Distribution
Percent of People with Each Score
Percentile by Number Answered
Your Score History
You have not taken this quiz